|
|
|
|
| LEADER |
008850000a22002290004500 |
| 020 |
|
|
|a 978-0-521-86615-6
|
| 082 |
|
|
|a 172.42 Q01
|
| 100 |
|
|
|a Gross, Michael L; Author
|
| 245 |
|
|
|a Moral dilemmas of modern war: torture, assassination and blackmail in an age of assymmetric conflict
|
| 250 |
|
|
|
| 260 |
|
|
|a Cambridge, Cambridge University Press
|e 2011
|
| 260 |
|
|
|c 2010
|
| 460 |
|
|
|a xiii, 321p
|
| 465 |
|
|
|a GBP 18.99
|
| 500 |
|
|
|a Includes bibliographical references and index
|
| 500 |
|
|
|a Michael L Gross
|
| 650 |
|
|
|a Military ethics-United States
|
| 650 |
|
|
|a Military interrogation-Moral and ethical aspects-United States
|
| 650 |
|
|
|a War-Moral and ethical aspects-United States
|
| 942 |
|
|
|c BK
|
| 999 |
|
|
|c 48290
|d 48290
|
| 952 |
|
|
|0 0
|1 0
|4 0
|6 172_420000000000000_Q01
|7 0
|8 ENG
|9 49022
|a MGUL
|b MGUL
|d 2013-07-16
|e GBP 18.99
|l 1
|m 1
|o 172.42 Q01
|p 46524
|r 2019-01-11
|s 2018-11-23
|w 2013-07-16
|y BK
|